000 01677cam a22004094a 4500
001 2630322
003 OSt
005 20180117085955.0
008 990304s1999 enk b 001 0 eng
010 _a 99024181
020 _a0335201059 (pbk.)
020 _a0335201067 (hardcover)
040 _aDLC
_cDLC
_dDLC
042 _apcc
050 0 0 _aBF575.G7
_bP3775 1999
082 0 0 _a155.9/37
_221
100 1 _aPayne, Sheila,
_d1954-
245 1 0 _aLoss and bereavement /
_cSheila Payne, Sandra Horn, and Marilyn Relf.
260 _aBuckingham [England] ;
_aPhiladelphia, PA :
_bOpen University Press,
_c1999.
300 _a138 p. ;
_c23 cm.
440 0 _aHealth psychology
504 _aIncludes bibliographical references (p. [116]-128) and index.
650 0 _aBereavement
_xPsychological aspects.
650 0 _aLoss (Psychology)
650 0 _aGrief.
650 0 _aDeath
_xPsychological aspects.
700 1 _aHorn, Sandra,
_d1944-
700 1 _aRelf, Marilyn.
856 4 2 _3Publisher description
_uhttp://www.loc.gov/catdir/description/mh051/99024181.html
856 4 2 _3Contributor biographical information
_uhttp://www.loc.gov/catdir/bios/mh051/99024181.html
856 4 1 _3Table of contents
_uhttp://www.loc.gov/catdir/toc/mh051/99024181.html
906 _a7
_bcbc
_corignew
_d1
_eocip
_f19
_gy-gencatlg
942 _2ddc
_cBK
999 _c3039
_d3039